| 000 | 00647nam a2200229 04500 | ||
|---|---|---|---|
| 001 | 45411 | ||
| 010 | _a9789898236012 | ||
| 021 | _b287310/09 | ||
| 090 | _a45411 | ||
| 100 | _a20100608d2009 m y0pory5003 ba | ||
| 101 | 0 | _apor | |
| 102 | _aPT | ||
| 200 | 1 |
_aViva o povo brasileiro _fJoão Ubaldo Ribeiro _grev. Lídia Freitas |
|
| 205 | _a1.ª ed. | ||
| 210 | 9 |
_aLisboa _cEdicões Nelson de Matos _d2009 |
|
| 215 |
_a846, [1] p. _d21cm |
||
| 225 | 2 |
_aMil horas de leitura _v7 |
|
| 675 |
_a821.134.3(81)-31"19/20" _vBN _zpor |
||
| 700 | 1 |
_aRibeiro, _bJoão Ubaldo, _f1941-2014 |
|
| 702 | 1 |
_aFreitas, _bLídia, _f1965- _4675 |
|
| 801 | 0 |
_aPT _bBN _gRPC |
|
| 990 | _cLIVROS | ||